Long-Term Impact of Brexit on Austrian Economy - Single Country CGE Model

Salvato in:
Dettagli Bibliografici
Autore principale: Burian, Lukáš
Natura: Capitolo di libro
Lingua:inglese
Soggetti:
Tags: Aggiungi Tag
Nessun Tag, puoi essere il primo ad aggiungerne!!

MARC

LEADER 00000naa$a2200000$$$4500
001 0262832
005 20240712112438.7
041 0 |a eng 
044 |a CZ 
245 1 0 |a Long-Term Impact of Brexit on Austrian Economy - Single Country CGE Model  |c Lukáš Burian 
610 2 0 |a Európska únia 
610 2 0 |a Rakúsko 
610 2 0 |a situácia hospodárska 
610 2 0 |a simulácia 
610 2 0 |a modely 
610 2 0 |a sadzby colné 
610 2 0 |a obchod zahraničný 
100 1 |a Burian, Lukáš